Tratado de derecho penal. parte especial / Tomo IV :

Delitos contra la administración pública

Guardado en:
Autor Principal: Fontán Balestra, Carlos
Formato: Libro
Idioma:Spanish
Publicado: Buenos Aires : Abeledo-Perrot, 1995
Edición:2a. ed. 4a. reimp.
Materias:
Etiquetas: Agregar Etiqueta
Sin Etiquetas, Sea el primero en etiquetar este registro!
LEADER 00612nam a22001815a 4500
001 DER.der000264
008 180615s1995####|||||||||||||||||#||spa||
005 20251118194217.0
245 1 0 |a Tratado de derecho penal.  |n Tomo IV :  |b parte especial /  |c Carlos Fontán Ballestra. 
250 |a 2a. ed. 4a. reimp. 
260 |a Buenos Aires :  |b Abeledo-Perrot,  |c 1995 
300 |a 580 p. 
520 |a Delitos contra la administración pública 
520 |a Delitos contra la fe pública 
020 |a 9502000676 
100 1 |a Fontán Balestra, Carlos 
650 7 |a DERECHO PENAL 
859 |a DERECHO  |b BIB. DERECHO  |h 345  |i FON  |p 001059  |3 Tomo IV